Henryk Jackowski SJ

Titel: Henryk Jackowski SJ : inicjator odnowy religijnej i społecznej Kościoła w Galicji ; wspomnienie w stulecie śmierci 1834 - 1905 / Artur Sternicki
Verfasser:
Veröffentlicht: Kraków : Wydawnictwo WAM ˜[u.a.]œ, 2006
Umfang: 41 S. : Ill. ; 20 cm
Format: Buch
Sprache: Polnisch
ISBN: 8373187162 ; 8389631571 ; 9788373187160 ; 9788389631572
Buchumschlag
X
alg: 33502803
001A    $03004:07-01-14 
001B    $01999:15-05-21 $t20:53:00.000 
001C    $03004:17-04-14 $t14:20:03.000 
001D    $03004:17-04-14 
001U    $0utf8 
001X    $00 
002@    $0Aau 
003@    $0335028039 
003O    $0749882846 $aOCoLC 
004A    $083-7318-716-2 
004A    $083-89631-57-1 
004A    $A978-83-7318-716-0 
004A    $A978-83-89631-57-2 
007A    $0335028039 $aHEB 
007T    $0Herdk86759 
010@    $apol 
011@    $a2006 $n2006 
021A    $aHenryk Jackowski SJ $dinicjator odnowy religijnej i społecznej Kościoła w Galicji ; wspomnienie w stulecie śmierci 1834 - 1905 $hArtur Sternicki 
028A    $7 $8Sternicki, Artur [Tn3] $9339212748 
033A    $pKraków $nWydawnictwo WAM {[u.a.] 
034D    $a41 S. 
034I    $a20 cm 
034M    $aIll. 
044A    $aPraca kulturalno-oświatowa $S4 $xbiografie $y19-20 w $zPolska 
045F    $a929.09438 $eDDC23BSB 
045F/01 $a929 
045F/03 $g438 

lok: 33502803 24

exp: 33502803 24 1 #EPN
201B/01 $022-04-14 $t09:30:11.000 
201C/01 $007-01-14 
201U/01 $0utf8 
203@/01 $0725195797 
208@/01 $a22-04-14 $bz 
209A/01 $aS 28835 $du $f050 $hS 28835 $x00 
209C/01 $a14.04205 K $h14 04205 K 
209G/01 $a73380332 $x00 
220C/01 $awal 
244Z/01 $#Nostitz-Jackowski, Henryk $#Jackowski, Henryk Nostitz- $71050110307 $8--Tp1--Jackowski, Henryk$Z1834-1905 $x01 $9339282185 
247C/01 $8358050-7 Marburg, Bibliothek des Herder-Instituts Marburg $9102600961 

lok: 33502803 78

exp: 33502803 78 1 #EPN
201B/01 $021-11-17 $t23:06:48.000 
201U/01 $0utf8 
203@/01 $0792282477 
208@/01 $a12-11-16 $be 
209A/01 $a/ $f000 $x00 
220C/01 $aTitelaufnehmer: pbb 
220C/01 $aHerkunft: PBB/IH PAN 
244Z/01 $2Trx $#Poola $#Lenkija $#Polija $#Polen Land $#Poland $#Lengyelország $#Poľsko $#Polsko $8--Trx--Polska$gkraj $x01 $9391345966 
244Z/01 $#Galizien (Osteuropa) $#Galicja $#Galicija $#Galizien und Lodomerien $#Königreich Galizien $#Provinz Galizien $#Halyčyna $#Galiitsia $#Galīcija $#Galičina $#Halič $74019124-2 $8--Tg1--Galizien $x02 $9085045411 
244Z/01 $2Trx $#Chyrów $8--Trx--Chyriv $x03 $9391184806 
244Z/01 $aGeschichte 1834-1905 $x04 
244Z/01 $2Trx $8--Trx--Jackowski, Henryk$Z1834-1905 $x05 $9391062670 
244Z/01 $2Trx $#aktiivsus, sotsiaalne $#visuomenės veikėjai $#activism, social $#szerződtetés, szociális $#działacze społeczni $#aktivisti spoločenskí $#aktivisté společenští $#activist, social $8--Trx--Engagement, soziales $x06 $9391382691 
244Z/01 $2Trx $8--Trx--Monographie $x07 $9391384546 
244Z/01 $2Trx $#biograafiad $#biografijos $#biography $#életrajzok $#biografia $#biografie $#biografie $8--Trx--Biographie $x08 $9391352938 
245Z/01 $a12.03 $x01 
247C/01 $82080>Marburg/Lahn, Herder-Institut, Forschungsbibliothek, Bibliographieportal $9336309341
LEADER 00000cam a2200000 c 4500
001 335028039
003 DE-603
005 20210515205300.0
007 tu
008 140107s2006 xx |||| | u00||u|pol c
020 |a 8373187162 
020 |a 8389631571 
020 |a 9788373187160 
020 |a 9788389631572 
035 |a (DE-599)HEB335028039 
035 |a (OCoLC)749882846 
040 |a DE-603  |b ger  |c DE-603  |d DE-603 
041 |a pol 
082 0 4 |8 1\u  |a 929.09438  |q DE-101  |2 23/BSB 
085 |8 1\u  |b 929 
085 |8 1\u  |z 2  |s 438 
100 1 |a Sternicki, Artur  |0 (DE-603)339212748 
245 0 0 |a Henryk Jackowski SJ  |b inicjator odnowy religijnej i społecznej Kościoła w Galicji ; wspomnienie w stulecie śmierci 1834 - 1905  |c Artur Sternicki 
264 1 |a Kraków  |b Wydawnictwo WAM ˜[u.a.]œ  |c 2006 
300 |a 41 S.  |b Ill.  |c 20 cm 
924 0 |9 Mb 50  |a (DE-603)725195797  |b DE-Mb50  |c HES  |d c  |g S 28835 
924 0 |9 2080  |a (DE-603)792282477  |b DE-2080  |c HES  |d d  |g /